00774nam a2200229Ii 45000010005000000030009000050080041000140200015000550400033000700410008001030840012001111000023001232450027001462640073001733000012002463360026002583370028002843380027003129400050003399990017003899520138004069575CO-ViMGA241108s9999||||xx |||||||||||||| ||und|| a9580409196 aCO-ViMGAbspaerdacCO-ViMGA0 aspa aN VER2v1 aJulio Verne94933110aViaje al centro tierra 1aBogotá, Colombia : Norma, [Fecha de publicación no identificada] avolumen atextbtxt2rdacontent aunmediatedbn2rdamedia avolumebnc2rdacarrier aidficha_siabuc: 9362. -- ficha_no_siabuc:9575 c43974d43974 001040708InfPoTiaMEVIGERRbMEVIGERRcSInfd2006-11-27oN VER2vpECA10081r2024-11-26 09:16:58tEj.1w2024-11-26yBKz9362 | 12897